[Event "Biel GM"]
[Site "Biel"]
[Date "2001.07.24"]
[Round "2"]
[White "Kortschnoj, Viktor Lvovich"]
[Black "Grischuk, Alexander"]
[Result "1-0"]
[WhiteElo "2617"]
[BlackElo "2669"]
[Annotator "Tyomkin,D"]
[PlyCount "97"]
[EventDate "2001.07.23"]
[EventType "tourn"]
[EventRounds "10"]
[EventCountry "SUI"]
[EventCategory "16"]
[SourceTitle "CBM 085"]
[Source "ChessBase"]
[SourceDate "2001.11.13"]
[SourceVersion "1"]
[SourceVersionDate "2001.11.13"]
[SourceQuality "1"]

1. d4 d5 2. c4 e6 3. Nf3 c6 4. e3 f5 5. Bd3 Nf6 6. O-O Bd6 7. b3 Qe7 8. Bb2 b6
9. Qc1 (9. Nc3 Ne4 (9... O-O 10. Qc2 $6 (10. Rc1 $5) 10... Ne4 11. Ne2 Bb7 12.
Ne5 Na6 13. a3 Bxe5 $1 14. dxe5 Nac5 15. cxd5 exd5 16. Nf4 Nxd3 17. Nxd3 Ng5
$15 {[%cal Gg5e6,Yc6c5] 0-1 Efimov,I-Lautier,J/Elista 1998/CBM 66 ext (42)}) (
9... Bb7 $6 {Tyomkin,D} 10. cxd5 {and pawn f5 becomes unprotected after exd5.
In other cases white is just much better.}) 10. Rc1 Bb7 11. Ne5 O-O 12. cxd5
exd5 (12... Nxc3 $5 {Tyomkin,D} 13. Rxc3 cxd5 14. Qc2 Na6 (14... Nd7 15. Rc7 $1
Bxc7 16. Qxc7 Bc8 17. Bb5 Qd8 18. Qc6 Nxe5 19. Qxa8 Bd7 20. Qxd8 Rxd8 21. Ba6
$1 $16 {[%cal Gf1c1,Yb2a3]}) 15. Nc6 Bxc6 16. Bxa6 $14 {but all this is about
equality.}) 13. Ne2 Bxe5 {Otherwise black has difficulties with development of
Nb8.} 14. dxe5 Nd7 15. f4 c5 16. Ng3 Rad8 (16... Nxg3 {Tyomkin,D} 17. hxg3 {
[%cal Gd1c2,Yg3g4]} Qe6 18. Be2 $14 {[%cal Gg3g4] and white breaks f5 point by
g4- white has two g-pawns, so he can do it even twice.}) 17. Nxe4 fxe4 18. Bb5
{[%cal Gd1g4] 1-0 Tkachiev,V-Tregubov,P/Cap d'Agde 2000/CBM 80_02/[Tyomkin,D] 
(34) Pawn structure is amazing now: black has the center, but d4 is under
white's control. From the other hand, white intends to play f5, first
decreazing black's pressure on e5.}) 9... Bb7 10. Ba3 Nbd7 11. cxd5 cxd5 12.
Bxd6 $146 (12. Qb2 Bxa3 13. Nxa3 O-O 14. Rac1 Rfc8 15. Nb5 {1/2-1/2 Onischuk,
A-Grischuk,A/Tomsk RUS 2001/The Week in Chess 342 (15)}) 12... Qxd6 13. Nc3 a6
14. Qb2 $1 {[%cal Gb3b4] Intending to gain space on the queenside by b4 and a4
then- black's a6-a5 would weaken b5 spot;} O-O 15. b4 Rac8 16. a4 Ne4 17. Ne2
Qe7 (17... Rc7 $5 {[%cal Gf8c8]} 18. Rfc1 Rfc8 19. Rxc7 Rxc7 20. b5 {with the
same ideas like in the game;}) 18. Rfc1 Nd6 19. b5 $1 {[%mdl 32] After b4-b5
black light-square bishop is passive forever;} a5 20. Qa3 $14 Rxc1+ 21. Rxc1
Rc8 22. Rxc8+ Nxc8 23. Qc3 {The endgame without queens would be very pleasant
for white as well, but Kortschnoj decides to leave more forces on the board;} (
23. Qxe7 Nxe7 24. Nf4 Nf8 25. g4 (25. Ne5 $5) 25... fxg4 26. Ne5 Nc8 $16 {
[%cal Gc8d6]}) 23... Qd6 24. Nf4 Ne7 25. h4 Nf8 26. h5 {[%mdl 32] Strategy of
Kortschnoj is clear - to gain space over the kingside and then to break thru
there; Black can't do much to prevent it;} Bc8 27. Ne5 Bd7 28. f3 (28. h6 $5)
28... Be8 29. g4 g5 (29... fxg4 30. fxg4 Nd7 31. Kg2 {and so on;}) 30. Ne2 Nd7
31. Kg2 h6 (31... fxg4 32. fxg4 Nxe5 33. dxe5 Qb8 {- semilar to the game;}) 32.
Ng3 fxg4 33. fxg4 Nxe5 34. dxe5 Qc5 35. Qd2 Qc7 36. Qb2 Kg7 {36...Qc5 was more
active, but in general it leads to the same;} (36... Qc5 37. Kf2 Bf7 38. Ne2 {
[%cal Ge2d4]}) 37. Ne2 Kg8 38. Kf2 Bf7 39. Qd4 Kg7 (39... Qc5 40. Qxc5 bxc5 41.
b6 Nc6 42. Bb5 $18 {[%csl Ra5,Rc5][%cal Ge2c1,Yc1b3,Yc1d3]}) 40. Qc3 Qb8 {
The endgame after 40.Qxc3 is lost for black:} (40... Qxc3 41. Nxc3 Be8 42. e4 {
[%cal Gf2e3,Ge3d4]} dxe4 43. Nxe4 Nd5 44. Nd6 {White's target here is the pawn
b6-the plan is following: to attack the pawn b6 with the knight and than to
trade white bishop on black knight by Be4 or Bc4;} Kf8 45. Kf3 {[%cal Gd6c4,
Yf3e4,Gd3e4]} (45. Be4 Nc3 {-that's why white needs his king on f3- to protect
the bishop e4 in that line after Nc4;}) 45... Ke7 46. Nc4 Bd7 47. Be4 Be8 48.
Bxd5 exd5 49. Nxb6 Ke6 50. Nc8 Kxe5 51. Ne7 d4 52. Ng8 $18 {[%cal Gg8h6]}) 41.
Nd4 Qd8 42. Ke2 Bg8 43. Bb1 Kh8 44. Qa3 Nc8 45. Bg6 Kg7 46. Bb1 Kh8 47. Qc1 $1
{[%cal Gc1c6,Gc1f1] Finally Kortschnoj finds out the way to get in- black can
not control at the same time all entries over c' and f' files;} Ne7 $2 {
Black couldn't hold the defense anyhow, but there was more resistant way:} (
47... Na7 48. Qf1 $18 {[%cal Gd4c6,Gf1f6]} Qe7 49. Nc6 Qg7 50. Qf6 $18) 48. Qf1
Nc8 49. Nc6 {[%cal Gf1f6,Gf6f8]} (49. Nc6 Qd7 50. Qf8 $1 $18 {[%csl Yc8,Yh6]})
1-0

[Event "Biel GM"]
[Site "Biel"]
[Date "2001.07.27"]
[Round "5"]
[White "Kortschnoj, Viktor Lvovich"]
[Black "Lautier, Joel"]
[Result "1-0"]
[WhiteElo "2617"]
[BlackElo "2675"]
[Annotator "Ftacnik,L"]
[PlyCount "115"]
[EventDate "2001.07.23"]
[EventType "tourn"]
[EventRounds "10"]
[EventCountry "SUI"]
[EventCategory "16"]
[SourceTitle "CBM 085"]
[Source "ChessBase"]
[SourceDate "2001.11.13"]
[SourceVersion "1"]
[SourceVersionDate "2001.11.13"]
[SourceQuality "1"]

1. Nf3 d5 2. d4 Nf6 3. c4 c6 4. e3 a6 5. Bd3 Bg4 6. Qb3 Qc7 7. Ne5 Bh5 8. cxd5
cxd5 9. Nc3 e6 10. e4 {Kortschnoj strives to open the center immediatelly, but
his development edge is minimal.} Nc6 $1 11. exd5 (11. Nxc6 bxc6 12. Qa4 Bg6
13. Bf4 Qb6 $15) 11... Nxe5 (11... Nxd4 $2 12. Qa4+ Nc6 13. Bf4 $16) 12. dxe5
Qxe5+ 13. Be3 Bc5 (13... Nxd5 14. Qxb7 Rb8 15. Qc6+ Kd8 16. Nxd5 exd5 17. O-O
$16) 14. Qa4+ (14. Qxb7 O-O 15. dxe6 fxe6 $17) (14. dxe6 Bxe3 15. fxe3 Qxe3+
16. Ne2 Qxe6 17. Qxb7 O-O $17) 14... Kf8 (14... Kd8 15. dxe6 Bxe3 16. fxe3
Qxe3+ 17. Be2 Bxe2 18. Nxe2 Qxe6 19. Rd1+ $13) 15. Qf4 $1 {This fine moves
helps to limit the danger in the shaky position.} Qxf4 16. Bxf4 exd5 (16...
Nxd5 17. Nxd5 exd5 18. Rc1 Re8+ 19. Kf1 Be7 20. f3 $15) 17. O-O Re8 (17... Bg4
18. Rac1 $1 Be6 19. Na4 Bd4 20. Nc5 $17) (17... Rd8 18. Rac1 $1) 18. Rac1 Bd4
19. h3 Be5 (19... h6 $5 20. Bd6+ Kg8 21. Rfe1 $15) 20. Bxe5 Rxe5 21. Na4 g5 (
21... Bg6 22. Bxg6 hxg6 23. Nc5 Rh4 24. Nxb7 Rb4 25. Nc5 $11) 22. Nc5 Kg7 23.
Nxb7 {[%mdl 4096] Black king already sits in safety, white has managed to
restore material equality. The chances are shared by both players.} Be2 24.
Rfe1 Rhe8 25. Nc5 (25. Bb1 $5 Bc4 26. Rxe5 Rxe5 27. b3 Be2 $13) 25... Bxd3 26.
Rxe5 (26. Nxd3 Re2) 26... Rxe5 27. Nxd3 Re2 28. Kf1 Rd2 29. Rc3 Rd1+ $6 {
This sloppy move is a reason for all black's worries. White's activity on the
queenside will be more dangerous than the counterplay of the opponent on the
other side of the board.} (29... Ne4 30. Ra3 f5 31. Ke1 f4 32. f3 Rxg2 33. fxe4
dxe4 34. Nc5 e3 $13) 30. Ke2 Rg1 31. Ne1 (31. g3 Rh1 32. Ra3 Rxh3 33. Rxa6 Rh1
$14) 31... Nh5 (31... h5 32. Ra3 h4 33. Ra4 $1 Nh5 34. Nf3 Rb1 35. Nxg5 Rxb2+
36. Ke3 $16) 32. g3 Rh1 33. Ra3 Rxh3 34. Rxa6 Nf6 (34... Rh2 $5 35. Ra3 $1 (35.
Kf3 f5 36. Ra5 g4+ 37. Ke3 d4+ 38. Kxd4 Rxf2 $17) 35... f5 36. b4 $14) 35. a4
Ne4 36. Nf3 $1 Rh1 (36... g4 37. Nh4 $16) 37. a5 Ra1 (37... Rb1 38. Rb6 $16)
38. Nd4 {Lautier has to watch even for the mating threats of the opponent.} h5
(38... f6 39. Nf5+ Kf7 40. Ra7+ Ke6 41. g4 Ke5 42. f3 $18) 39. Nf5+ Kh7 40. f3
Nc5 (40... Nxg3+ 41. Nxg3 h4 42. Nf5 $18) 41. Rh6+ Kg8 42. Rxh5 Rxa5 43. Rxg5+
Kf8 (43... Kh8 44. Nd6 Ra2 45. Nxf7+ Kh7 46. Rxd5 Rxb2+ 47. Ke3 $18) 44. Rh5
Kg8 (44... f6 45. Ke3 $18) 45. b4 Ra2+ 46. Ke3 Ra3+ (46... Ne6 47. Ne7+ Kg7 48.
Rxd5 $18) 47. Kd4 Ne6+ (47... Nd7 48. f4 Rb3 49. Ne7+ Kf8 50. Nxd5 Rxg3 51. b5
$18) 48. Kxd5 Rxf3 49. b5 {The free b pawn is too dangerous, black's chances
to trade him for the knight and even win the last pawn on g3 are slim.} Rb3 (
49... Nc7+ 50. Kc6 (50. Kc4 Na8 $1) 50... Rc3+ (50... Nxb5 51. Kxb5 Rf1 52. Kc5
$18) 51. Kb6 Nd5+ 52. Kb7 $18) 50. Kd6 Rb1 (50... Rxb5 $2 51. Ne7+ $18) 51. Ke7
Nf8 (51... Rxb5 52. Nh6+ Kg7 53. Rxb5 Kxh6 54. Kxf7 $18) 52. Rg5+ Ng6+ (52...
Kh7 53. Kxf7 $18) 53. Kd7 Kf8 (53... Kh7 54. Nd6 f6 55. Rf5 Kg7 56. Ne8+ $18)
54. Nd6 Rb3 55. g4 Rb4 56. Rf5 Rxg4 57. b6 Rb4 58. b7 1-0

[Event "Biel GM"]
[Site "Biel"]
[Date "2001.07.31"]
[Round "8"]
[White "Kortschnoj, Viktor Lvovich"]
[Black "Pelletier, Yannick"]
[Result "1-0"]
[WhiteElo "2617"]
[BlackElo "2531"]
[Annotator "Pelletier,Y"]
[PlyCount "93"]
[EventDate "2001.07.23"]
[EventType "tourn"]
[EventRounds "10"]
[EventCountry "SUI"]
[EventCategory "16"]
[SourceTitle "CBM 085"]
[Source "ChessBase"]
[SourceDate "2001.11.13"]
[SourceVersion "1"]
[SourceVersionDate "2001.11.13"]
[SourceQuality "1"]

1. d4 d5 2. c4 c6 3. Nf3 Nf6 4. e3 Bf5 5. Nc3 e6 6. Nh4 Bg6 7. Qb3 Qc7 8. Nxg6
hxg6 9. Bd2 Nbd7 10. g3 (10. h3 {könnte präziser sein, um die weissen Felder
am Königsflügel nicht zu schwächen.}) 10... Nb6 {Ein typisches Mannöver, wobei
Schwarz den Verlust zweier Tempis nicht befürchtet. Wichtiger ist ihm, dass
die Spannung im Zentrum aufgelöst wird.} 11. c5 Nbd7 12. Qc2 ({Um b6 zu
neutralisieren, muss die weisse Dame wieder ziehen. Auf} 12. Qa4 {würde
Schwarz den Vorstoss b4-b5 am besten mit} a6 13. b4 Rd8 {beantworten, und nach}
14. f4 {[%cal Re6e5] mittels} g5 $5 (14... Ne4 {[%csl Ge4] ist auch möglich,
aber der direkte Weg gefällt mir besser}) 15. Bg2 gxf4 16. exf4 g6 {[%csl Rd4]
[%cal Gf8g7,Gg7d4] mit Druck auf d4 reagieren.}) 12... e5 ({Natürlich nicht} 
12... b6 13. b4 a5 $2 {wegen} 14. cxb6 Qxb6 15. Na4) 13. b4 Be7 14. Bg2 Nf8 ({
Ich verbrauchte hier viel Zeit, da ich nicht bestimmen konnte, welche Felder
meine Leichtfiguren besetzen mussten. Klar ist, dass ein Springer nach e6
überführt werden soll, aber auch} 14... Nh7 15. O-O Ng5 {war eine denkwürdige
Option. Ich verwarf sie, weil ich befürchtete, dass Kortschnoj die
Dezentralisierung des Nf6 mittels e3-e4 mal bestrafen könnte.}) 15. b5 Ne6 16.
bxc6 bxc6 17. Qa4 O-O 18. O-O g5 $1 {[%csl Rf3][%cal Ge5e4,Gg5g4,Ge6g5]} 19.
Rab1 ({Nach der Partie hielt Kortschnoj} 19. dxe5 {für die kritische
Fortsetzung. Ich hatte vor, diesen Zug mittels} Nd7 {zu bekämpfen, da die
beiden Möglichkeiten} (19... Nxc5 $6 20. exf6 Nxa4 21. fxe7 Qxe7 22. Nxa4) ({
und} 19... Qxe5 20. Qxc6 Rfc8 21. Nxd5 Rxc6 22. Nxe7+ Kh7 23. Nxc6 Qxc5 24.
Rfc1 {bloss zu Schwierigkeiten führen}) {Nach 19...Nd7 würde das Opfer} 20.
Bxd5 cxd5 (20... Nxe5 $2 21. Bxe6 Nf3+ 22. Kg2 fxe6 23. Ne4) 21. Nxd5 Qd8 22.
Ba5 Qe8 23. c6 Ndc5 (23... Nb6 $5) 24. Qc4 Rc8 {nicht genug Kompensation
versprechen, sodass Weiss ein kompliziertes Mittelspiel mittels 20.f4 suchen
sollte.}) 19... Rfb8 20. Ne2 $2 ({Kortschnoj kann seinem Temperamenten keinen
Widerstand leisten und sehnt sich nach Kampf! Besser war es jedoch, sich mit
der ausgeglichenen Stellung zu begnügen, die nach} 20. Rxb8+ Rxb8 21. Rb1 Rxb1+
22. Nxb1 {entsteht.}) ({In der gemeinsamen Analyse schlug ich auch} 20. Rb3 {
[%cal Gf1b1] vor, aber Viktor Kortschnoj bedachte diesen Zug mit einer
wegwerfenden Handbewegung! Tortzdem scheint mir diese Idee Aufmerksamkeit zu
verdienen. Schwarz kann nämlich die Turmverdoppelung auf der offenen Linie
kaum dulden, aber nach} Rxb3 21. axb3 {[%cal Gb3b5] droht Weiss, die
gegnerische Bauernkette mittels b4-b5 zu unterminieren. Am besten würde dann
Schwarz mit} g4 {reagieren, was} 22. b4 {[%csl Rd4] wegen der Anfälligkeit des
Bauern d4 zeitweilig verhindert.}) 20... exd4 $2 ({Wenn ich gegen Viktor
Kortschnoj spiele, habe ich immer den Eindruck, dass seine Züge besonders
stark sind. Früher in dieser Partie hatte ich vor, Ne2 mit} 20... e4 $1 {
[%csl Rf3][%cal Gg5g4,Ge6g5,Gg5f3] zu begegnen, aber hier hielt ich plötzlich
seine Offensive am Damenflügel für stärker als meine eigenen Handlungen auf
der anderen Seite. Indem ich meinem Gegner traute, entschied ich mich, seine
Aktivität durch Gegenspiel auf d4 zu vermindern. Aber in Tat und Wahrheit war
die Zeit schon gekommen, die Initiative zu ergreifen. Falls Weiss nun g4
mittels} 21. f3 {bekämpft, erhält Schwarz lästigen Druck auf den weissen
Feldern:} exf3 22. Bxf3 g4 23. Bg2 Ne4 $1 ({nicht} 23... Ng5 $2 24. Rxb8+ Rxb8
25. e4 $1 {[%cal Rd2f4]}) 24. Ba5 Qd7 25. Nc3 N6g5 {[%csl Re4,Rf3,Gg5] mit
Vorteil.}) 21. exd4 Rxb1 22. Rxb1 Nd7 $2 ({Ein weiterer Blödsinn.} 22... Rb8 {
war normal, da} 23. Rxb8+ Qxb8 24. Qxc6 $2 {an} Qb2 {[%csl Rd2,Re2] scheitert.}
) 23. Bh3 $16 {[%csl Gd2,Gh3]} Rb8 24. Rxb8+ Nxb8 25. f4 $5 (25. Nc1 $16 {
[%cal Gc1d3]}) 25... gxf4 ({Ich betrachtete ebenfalls} 25... Nd7 26. Bxe6 fxe6
27. fxg5 e5 {, aber mein König hätte sich bald über Einsamkeit beschwert.}) 26.
Nxf4 ({Im Fall von} 26. Bxe6 fxe6 {konzentrierte ich mich auf die Folgen von
27.Bxf4 Qb7 28.Bxb8 Qxb8 29.Qxc6, was nach 29...Qb1+ 30. Kf2 Qf5+ usw. zum
Dauerschach führt. Kortschnoi analysierte am Brett nicht nur diese Variante
sondern auch} 27. Nxf4 Bf6 28. Nxe6 Qe7 29. Qb3 Qxe6 30. Qxb8+ Kf7 31. Qf4 (31.
Qxa7+ Kg6 32. Qa4 Qe4 {ist sehr gefährlich}) 31... Qe4 32. Qxe4 dxe4 {Seine
Schlussfolgerung lautete: "Dieses Endspiel sollte Remis sein, auch wenn die
Läufer das Brett verlassen". Ich werde mich jetzt nicht in die Geheimnisse
dieser Stellung versinken, aber diese Anekdote zeigt wohl, wie Kortschnoj
unglaubliche Rechenfähigkeit mit seinem Spielverständnis verbindet.}) 26...
Nxf4 27. Bxf4 Qb7 28. Bxb8 $2 ({Nach diesem Fehler ist die Welt wieder in
Ordnung für Schwarz. Nach} 28. Qb3 Qxb3 29. axb3 Na6 30. Kf2 {hätte ich einen
schwierigen Kampf vor mir gehabt, da das Läuferpaar in solchem Endspiel eine
starke Waffe bildet. Nicht einmal die Fortsetzung} Nb4 31. Ke3 Bf6 32. Bf5 g6
33. Bb1 Bd8 {funktionniert, wegen} 34. Bb8 a5 35. Ba7 {[%cal Ga7b6]}) 28...
Qxb8 29. Qxc6 Qb1+ (29... Bf6 30. Qxd5 Qb4 {war ebenfalls möglich, aber ich
hatte nicht vor, mit einem Bauern weniger nach} 31. c6 Qxd4+ 32. Qxd4 Bxd4+ {
weiterspielen zu müssen.}) 30. Bf1 Qe4 31. Qe8+ Kh7 32. Qxf7 $5 ({Kortschnoj
findet immer versteckte Ressourcen, um den Kampf zu verlängern. Nach} 32. Bd3
Qxd3 33. Qxe7 Qxd4+ 34. Kg2 {wären} Qc3 ({und} 34... f6 {zum Ausgleich
ausreichend.})) 32... Qxd4+ $6 $138 ({Plötzlich verstand ich, dass mein König
in grösserer Gefahr war als seiner! Mit wenig Zeit auf der Uhr verwarf ich} 
32... Bf6 33. h4 {, ohne zu bemerken, dass} Qf3 34. Bg2 $4 {die Dame wegen}
Bxd4+ {verliert! Anstelle von 34.Bg2?? müsste Weiss das Dauerschach mittels 34.
Bd3+ erzwingen.}) 33. Kg2 Bxc5 $2 ({Es genügte immer noch} 33... Qd2+ 34. Kh3 (
34. Kf3 Qd1+) 34... Qh6+ 35. Kg4 Qg5+ 36. Kf3 Bxc5 37. Bd3+ Kh6 {, um die
Partie zu retten.}) 34. Kh3 Qe3 ({In diesem Augenblick verblieben uns je 2
Minuten.} 34... Qe4 35. Bg2 {war mir unangenehm, aber nach} Qe5 {gab es noch
nichts Tragisches.}) 35. Qxd5 g6 36. Bd3 Kh6 37. Be4 Qf2 $2 ({Das Schach auf
f1 erschien mir sehr stark, aber der Textzug verliert glatt! Nach} 37... Qg5
38. Qc4 {wäre meine Stellung weiterhin schwierig, aber trotzdem
verteidigungsfähig gewesen.}) ({Ebenfalls} 37... Qd4 {erwies sich als eine
bessere Verteidgung.}) 38. Qe6 Qf1+ 39. Kh4 {Es droht Matt, Schwarz kann
praktisch aufgeben. Obwohl Viktor nur noch eine Sekunde auf der Uhr hatte,
verzichtete ich auf 39...Qh3+...} Kg7 40. Qxg6+ Kf8 41. Qf5+ $2 ({Wenn
Kortschnoj der Tatsache bewusst gewesen wäre, dass er die Kontrolle schon
erreicht hatte, hätte er den sofortigen Tausch vielleicht vermieden.} 41. Qh6+
Ke7 42. Qg5+ Qf6 43. Qxf6+ Kxf6 44. g4 {hätte leicht gewonnen, wie die
kommende Endspielanalyse zeigen wird.}) 41... Qxf5 42. Bxf5 {Mein erster
Eindruck war, dass dieses Endspiel zu halten war, zumal ich mich an
vergleichbare Themen aus einer früheren Partie gegen Avrukh erinnerte. Leider
verwarf ich eine Rettungsmethode schnell, da ich mich von der schlechten
Stellung meines Königs beeinflussen liess. Etwas mehr Aufmerksamkeit hätte
mich erlaubt, zu entdecken, dass der Bf5 ebenfalls ungünstig steht!} Bg1 ({
Die Alternative war leichter:} 42... Be7+ 43. Kg4 (43. Kh5 Bd6 {[%csl Rg3,Rh2]}
) ({oder} 43. Kh3 Kg7 44. g4 Kh6 {[%csl Rg5,Rh4] gestatten keine Fortschritte})
43... Bb4 $1 {[%cal Gb4e1]} ({Der Schlüsselzug! Der Läufer muss nach e1 kommen,
um die Bauern g3-h4 zu blockieren. Das Schach auf e7 ist notwendig, da 42...
Bb4? 43.g4 so wie in der Partie gewinnen würde. Unausreichend ist auch} 43...
Kg7 44. h3 $1 Bd6 (44... Kf6 45. Bc2 Bd6 46. Kh4 $18) 45. Bc2 (45. Kh4 $2 Kh6
$1 $11) 45... Bc7 46. Kf3 Ba5 (46... Kf6 47. h4 $1 Ba5 48. g4 $18) 47. g4 $1 {
und Schwarz kann 48.g5 und 48.h4 nur mit} Bd8 {gleichzeitig verhindern, wonach}
48. Kg3 Bc7+ 49. Kh4 {entscheidet.}) {Jetzt sichert} 44. h3 Be1 45. Kf4 Kg7 46.
g4 Bd2+ $11 {die Punkteteilung, da dem weissen König das Feld f5 verboten wird.
Dann wird einfach eine schwarzfeldrige Blockade organisiert.}) 43. Kh3 ({
Eine wichtige theoretische Stellung wird nach} 43. h3 Bf2 44. Kg4 Kg7 45. h4 (
45. Kf4 Be1 $1) 45... Kf6 46. Bc2 Be1 47. Kh3 Ke5 48. g4 Kf4 {erreicht, wobei
der Bauer g4 auch schon auf g5 stehen könnte. Der einzige Weg zum Sieg für
Weiss besteht in der Überführung des Königs vor die Bauern, wie in der Partie
geschehen wird. Im Fall der Stellung unmittelbar nach dem Damentausch befindet
sich zwar der König auf h4, aber dank Läufermannövern gelingt es dem
Nachziehenden, ihn zurückzustossen.}) 43... Kf7 $2 (43... Bf2 $2 44. g4 {und})
(43... Be3 $2 44. g4 Bf4 45. Kg2 Kg7 46. h4 Kf6 (46... Bd2 47. g5) 47. Kf3 Bd2
48. Bc2 {gefolgt von 49.g5 und 50.Kg4 ändern nichts,}) ({aber} 43... Bc5 $1 {
[%csl Rg3,Rh2][%cal Gc5d6,Gd6h2] hätte den halben Punkt gerettet. Ich
betrachtete zwar diesen Zug, übersah aber nach} 44. g4 ({für} 44. Kg4 Bb4 $1 {
, siehe 42...Be7, aber 44...Kg7 reicht ebenfalls aus.}) (44. Kg2 Kg7 45. h4 Kf6
46. g4 Ke5 47. Kg3 Bb4 $1 48. Bc2 Be1+ 49. Kh3 Kf4 $11) 44... Bd6 45. g5 {
den einfachen} Bf4 {Nach dem Textzug führt Weiss seinen König vor die Bauern.})
44. g4 Kf6 45. Kg3 Be3 46. Bc2 Bd2 47. Kh4 $1 {Weiss lässt Kh5, h4 und g5
folgen, wobei sein Vordringen leicht erfolgt. Ohne a-Bauern wäre das Ganze
natürlich Remis, da Schwarz seinen Läufer für die beiden Bauern ständig opfern
könnte.} 1-0